TEXT BOOK OF GYNAECOLOGY : INCLUDING CONTRACEPTION / (Record no. 795151)

MARC details
000 -LEADER
fixed length control field 00485pam a2200181 a 4500
020 ## - INTERNATIONAL STANDARD BOOK NUMBER
International Standard Book Number 8173810419
Terms of availability 425.00
041 ## - LANGUAGE CODE
Language code of text/sound track or separate title eng
Language code of original NULL
082 ## - DEWEY DECIMAL CLASSIFICATION NUMBER
Classification number 618
Item number DUT
100 ## - MAIN ENTRY--PERSONAL NAME
Personal name DUTTA, D .
245 ## - TITLE STATEMENT
Title TEXT BOOK OF GYNAECOLOGY : INCLUDING CONTRACEPTION /
Statement of responsibility, etc. NULL.
Medium Textual Documents
250 ## - EDITION STATEMENT
Edition statement 4 /
Remainder of edition statement .
260 ## - PUBLICATION, DISTRIBUTION, ETC.
Place of publication, distribution, etc. NULL :
Name of publisher, distributor, etc. NEW CENTRAL BOOK AGENCY ,
Date of publication, distribution, etc. 2005.
300 ## - PHYSICAL DESCRIPTION
Extent 606 :
Other physical details xv ;
Dimensions A4 .
365 ## - TRADE PRICE
Price type code 425.00
650 ## - SUBJECT ADDED ENTRY--TOPICAL TERM
Topical term or geographic name entry element OBST.GYNE
930 ## - EQUIVALENCE OR CROSS-REFERENCE-UNIFORM TITLE HEADING [LOCAL, CANADA]
Uniform title 615
Holdings
Withdrawn status Lost status Damaged status Not for loan Collection Home library Current library Date acquired Source of acquisition Cost, normal purchase price Total Checkouts Full call number Barcode Date last seen Copy number Price effective from Koha item type
          Medical College & Hospital, Sangli Medical College & Hospital, Sangli 28/11/2011 B.M.S.G.B.PUNE 425.00   618 DUT MCS-2275 03/06/2025 1 26/07/2023 Book